000 00702nam a22001937a 4500
003 OSt
005 20251112153035.0
008 251112b |||||||| |||| 00| 0 eng d
020 _a971-685-713-9
040 _aDWCL-Main lib
_cOC
082 _aFil. 370.713 B726 2010
100 _aBorabo, Milagros L
245 _aField study 4 :
_bexploring the curriculum/
_cBorabo, Milagros L
260 _aManila :
_bLorimar Publishing,
_cc2010.
300 _axii, 64 pages :
_billustrations ;
_c28 cm.
650 _a1. Educationa--Curricula--Philippines--Handbooks, manuals, etc.
650 _a2. Curriculum design--Philippines--Handbooks, manuals, etc. I. Borabo, Heidi Grace L.
942 _2ddc
_cBK - FIL
_kFil
_n0
999 _c5666
_d5666